000
00277nam a2200121Ia 4500
008
190216s9999||||xx |||||||||||||| ||und||
100
_a
Bashkaran P
245
0
_a
Oru Kaviyute Kalpatukal
260
_b
Current Books
_c
1964
300
_a
73p
650
_a
Kavithkal
942
_c
BK
999
_c
23619
_d
23619